|
|
|
|
| LEADER |
00000nam0a2200000 4500 |
| 001 |
362407 |
| 005 |
20231102011504.0 |
| 035 |
|
|
|a (RuTPU)RU\TPU\retro\19753
|
| 090 |
|
|
|a 362407
|
| 100 |
|
|
|a 20210726d1980 km y0rusy50 ca
|
| 101 |
0 |
|
|a rus
|
| 102 |
|
|
|a UA
|
| 105 |
|
|
|a y z 101zy
|
| 200 |
1 |
|
|a VI Всесоюзный симпозиум по теории групп, Черкассы, 19-21 сентября 1978 г.
|e сборник научных трудов
|f Академия наук Украинской ССР, Институт математики ; Всесоюзный симпозиум по теории групп ; под ред. С. Н. Чернякова
|
| 210 |
|
|
|a Киев
|c Наукова думка
|d 1980
|
| 215 |
|
|
|a 224 с.
|
| 320 |
|
|
|a Библиогр. в конце докл.
|
| 606 |
1 |
|
|a Группы, теория
|x (математика)
|2 stltpush
|3 (RuTPU)RU\TPU\subj\8861
|9 36192
|
| 610 |
1 |
|
|a симпозиумы
|
| 610 |
1 |
|
|a группы
|
| 610 |
1 |
|
|a группы с ограничениями
|
| 610 |
1 |
|
|a подгруппы
|
| 610 |
1 |
|
|a линейные группы
|
| 610 |
1 |
|
|a конечные группы
|
| 610 |
1 |
|
|a формации групп
|
| 675 |
|
|
|a 512.54(063)
|v 4
|
| 702 |
|
1 |
|a Черняков
|b С. Н.
|4 340
|
| 712 |
0 |
2 |
|a Академия наук Украинской ССР
|b Институт математики
|2 stltpush
|3 (RuTPU)RU\TPU\col\11281
|9 25017
|
| 712 |
1 |
2 |
|a Всесоюзный симпозиум по теории групп
|d 6
|e Черкассы
|f 1978
|4 570
|
| 801 |
|
1 |
|a RU
|b 63413507
|c 20210726
|
| 942 |
|
|
|c BK
|